000 00476nam a2200169Ia 4500
008 090711s9999 xx 000 0 und d
082 _b70888
100 _aवर्टीकर मनोहर
245 _aअमgत वाणी
260 _c1992
300 _a168
600 _aवर्टीकर मनोहर
630 _aअमgत वाणी
700 _aवर्टीकर मनोहर
730 _aअमgत वाणी
942 _cBOOK
999 _c333538
_d333538